วารสารกฎหมายสุขภาพและสาธารณสุข (ระเบียนเลขที่ 96222)
| 000 -LEADER | |
|---|---|
| fixed length control field | 00845nas a22002297a 4500 |
| 003 - CONTROL NUMBER IDENTIFIER | |
| control field | NALT |
| 005 - DATE AND TIME OF LATEST TRANSACTION | |
| control field | 20220829105609.0 |
| 008 - FIXED-LENGTH DATA ELEMENTS--GENERAL INFORMATION | |
| fixed length control field | 190708b th |||p| |||| 00| 0 tha d |
| 022 ## - INTERNATIONAL STANDARD SERIAL NUMBER | |
| International Standard Serial Number | 2408249X |
| 022 ## - INTERNATIONAL STANDARD SERIAL NUMBER | |
| International Standard Serial Number | 26976285 (Online) |
| 040 ## - CATALOGING SOURCE | |
| Original cataloging agency | NALT |
| 041 ## - LANGUAGE CODE | |
| Language code of text/sound track or separate title | tha |
| 245 ## - TITLE STATEMENT | |
| Title | วารสารกฎหมายสุขภาพและสาธารณสุข |
| 260 ## - PUBLICATION, DISTRIBUTION, ETC. | |
| Place of publication, distribution, etc. | คณะสาธารณสุขศาสตร์ มหาวิทยาลัยมหิดล |
| 310 ## - CURRENT PUBLICATION FREQUENCY | |
| Current publication frequency | รายหกเดือน |
| 850 ## - HOLDING INSTITUTION | |
| Holding institution | NALT |
| 856 ## - ELECTRONIC LOCATION AND ACCESS | |
| Uniform Resource Identifier | <a href="https://so05.tci-thaijo.org/index.php/journal_law/issue/archive">https://so05.tci-thaijo.org/index.php/journal_law/issue/archive</a> |
| 856 ## - ELECTRONIC LOCATION AND ACCESS | |
| Uniform Resource Identifier | <a href="https://so05.tci-thaijo.org/index.php/journal_law/index">https://so05.tci-thaijo.org/index.php/journal_law/index</a> |
| 942 ## - ADDED ENTRY ELEMENTS (KOHA) | |
| Koha item type | Journal/Magazine |
| Serial record | 1 |
| Source of classification or shelving scheme | Library of Congress Classification |
| Koha issues (borrowed), all copies | 1 |
| 998 ## - STAFF NAME (NALT) | |
| -- | 8 |
| -- | บัณฑิต อุทาวงค์ |
| Withdrawn status | Lost status | Source of classification or shelving scheme | Damaged status | Not for loan | Collection code | Home library | Current library | Shelving location | Date acquired | Source of acquisition | Serial Enumeration / chronology | Total Checkouts | Barcode | Date last seen | Date last checked out | Copy number | Uniform Resource Identifier | Price effective from | Koha item type |
|---|---|---|---|---|---|---|---|---|---|---|---|---|---|---|---|---|---|---|---|
| Library of Congress Classification | Journals & Periodicals collection | National Assembly Library of Thailand | National Assembly Library of Thailand | Journal & Magazine shelves | 31/07/2019 | บริจาค | ปีที่ 5 ฉบับที่ 1 (ม.ค.-มิ.ย. 2562) | 1 | 2900031674 | 01/09/2022 | 29/08/2022 | ฉ.1 | https://search-library.parliament.go.th/files/cover/Cover-journal/LawHealth/LawHealth_v5n1.jpg | 31/07/2019 | Journal/Magazine | ||||
| Library of Congress Classification | Journals & Periodicals collection | National Assembly Library of Thailand | National Assembly Library of Thailand | Journal & Magazine shelves | 31/07/2019 | บริจาค | ปีที่ 5 ฉบับที่ 1 (ม.ค.-มิ.ย. 2562) | 2900031675 | 31/07/2019 | ฉ.2 | https://search-library.parliament.go.th/files/cover/Cover-journal/LawHealth/LawHealth_v5n1.jpg | 31/07/2019 | Journal/Magazine | ||||||
| Library of Congress Classification | Journals & Periodicals collection | National Assembly Library of Thailand | National Assembly Library of Thailand | Journal & Magazine shelves | 02/12/2019 | บริจาค | ปีที่ 5 ฉบับที่ 2 (ก.ค.-ธ.ค. 2562) | 2900032047 | 02/12/2019 | https://search-library.parliament.go.th/files/cover/Cover-journal/LawHealth/LawHealth_v5n2.jpg | 02/12/2019 | Journal/Magazine |
